00341nam a22000857a 4500020001800000082001900018245015400037260004400191300002000235 a9781544219080 a621.38412bDES aRF Design Software Learning Kit:bstep by step examples on using ads software an introductory RF/Microwave course /cEdited by Keysight Technologies  aU.S.A. :bKeysight Technologies,c2017. a170p. ;c28 cm.